000 00848cam a2200277 i 4500
001 768714001
003 CO-MdBIC
005 20231123115059.0
007 ta
008 231123t1966 -us||||| |||| 00| 0 eng d
020 _a0-15-675725-7
040 _bspa.
_aCO-MdFUSB
_cCO-MdFUSB
_dCO-MdFUSBC
_erda
041 _aeng
082 0 4 _aG 231 Z19q
100 1 _aZahrnt, Heinz (1915-)
245 1 0 _aThe question of God : Protestant theology in the twentieth century / Heinz Zahrnt ; R. A. Wilson, Traductor
_c/
264 1 _aNew York, USA : Harvest
_bHarvest House Publishers,
_c[1966]
264 4 _c©1966
300 _a398 Pag
_c;
336 _atexto
_btxt
_2rdacontent
337 _2rdamedia
_asin mediación
_bn
338 _2rdacarrier
_avolumen
_bnc
650 7 _aTeología dogmática
_2embne
_96945
_yS.XX
942 _cBK
945 _ajohan1477
999 _c34397
_d34397